|
|
|
|
| LEADER |
00000nam a2200000Ii 4500 |
| 001 |
DIGUNAU0156 |
| 003 |
NyNyDIG |
| 006 |
m o d |
| 007 |
cr ||||||||||| |
| 008 |
230217s2015 ck b ob 000 0 spa d |
| 035 |
|
|
|a (OCoLC)1283856400
|
| 040 |
|
|
|a DGITA
|b eng
|e rda
|e pn
|c DGITA
|
| 020 |
|
|
|z 9789588869353
|
| 043 |
|
|
|a s-ck---
|
| 050 |
1 |
4 |
|a F2546 ebook
|
| 100 |
1 |
|
|a Semper, Frank,
|e author.
|
| 245 |
1 |
0 |
|a Amazonas /
|c Frank Semper ; traducción de Andrés Felipe Quintero.
|
| 264 |
|
1 |
|a Medellín :
|b Ediciones UNAULA,
|c [2015]
|
| 300 |
|
|
|a 1 online resource :
|b maps.
|
| 336 |
|
|
|a text
|b txt
|2 rdacontent
|
| 337 |
|
|
|a computer
|b c
|2 rdamedia
|
| 338 |
|
|
|a online resource
|b cr
|2 rdacarrier
|
| 347 |
|
|
|a text file
|2 rdaft
|
| 347 |
|
|
|b PDF
|
| 490 |
1 |
|
|a Tierra baldía
|
| 500 |
|
|
|a "Libro ganador de la beca para traducir obras escritas en lenguas diferentes al español sobre temas colombianos ; Convocatoria de Estímulos 2015 Ministerio de Cultura de Colombia"--Cover.
|
| 504 |
|
|
|a Includes bibliographical references.
|
| 588 |
0 |
|
|a Online resource; title from PDF title page (Digitalia, viewed February 17, 2023)
|
| 650 |
|
0 |
|a Travel
|z Colombia
|z Amazonas (Department)
|
| 650 |
|
0 |
|a Amazon River Region.
|
| 700 |
1 |
|
|a Quintero, Andrés Felipe
|q (Jimenez Quintero),
|e translator.
|
| 791 |
2 |
|
|a Digitalia (Firm),
|e distributor.
|
| 793 |
0 |
|
|g Digitalia eBook Collection:
|a Ediciones UNAULA
|
| 776 |
0 |
8 |
|i Print version:
|a Semper, Frank.
|t Amazonas.
|d Medellín : Ediciones UNAULA, 2015
|z 9789588869353
|
| 830 |
|
0 |
|a Tierra baldía.
|
| 856 |
4 |
0 |
|3 Digitalia Hispánica
|u https://www.digitaliapublishing.com/a/119267/
|
| 910 |
|
|
|a Premium collection: 2023
|